COUNTING THE TIME WITH CURELY (Record no. 8838)
[ view plain ]
| 000 -LEADER | |
|---|---|
| fixed length control field | 00187nam a22000977a 4500 |
| 082 ## - DEWEY DECIMAL CLASSIFICATION NUMBER | |
| Classification number | 823 |
| 100 ## - MAIN ENTRY--AUTHOR NAME | |
| Personal name | NO |
| 245 ## - TITLE STATEMENT | |
| Title | COUNTING THE TIME WITH CURELY |
| 650 ## - SUBJECT ADDED ENTRY--TOPICAL TERM | |
| Topical Term | ENGLISH STORY |
| 942 ## - ADDED ENTRY ELEMENTS (KOHA) | |
| Koha item type | Books |
| Withdrawn status | Lost status | Collection code | Home library | Current library | Date acquired | Full call number | Accession Number | Koha item type |
|---|---|---|---|---|---|---|---|---|
| Lost | Fiction | Main Library | Main Library | 05/08/2024 | 823 | 00708 | Books |